000 00271nam a2200109Ia 4500
008 200302s9999 xx 000 0 und d
100 _aShiv Kumar Sharma
245 _aPainted Scrolls of Asia
260 _bIntellectual Publishing House
260 _c1994
300 _a116 P.,
999 _c2466
_d2466